Пионовый фонарь (Запись № 13667111)

Подробности
000 -МАРКЕР
контрольное поле 01460nam0a2200337 4500
001 - ИДЕНТИФИКАТОР ЗАПИСИ
контрольное поле RU\NLR\BIBL_A\022349786
005 - ИДЕНТИФИКАТОР ВЕРСИИ
контрольное поле 20260420015717.0
010 ## - МЕЖДУНАРОДНЫЙ СТАНДАРТНЫЙ НОМЕР КНИГИ (ISBN)
Номер (ISBN) 978-5-389-25805-1
Тираж 3000
021 ## - НОМЕР ГОСУДАРСТВЕННОЙ РЕГИСТРАЦИИ
Код страны российская федерация
Номер КН-П-24-051195
Номер Листа государственной регистраци КН-П-24-5091
035 ## - ДРУГИЕ СИСТЕМНЫЕ НОМЕРА
Идентификатор записи (NLR Aleph) 022349786
100 ## - ДАННЫЕ ОБЩЕЙ ОБРАБОТКИ
Данные общей обработки 20241010d2024 u y0rusy50 ca
101 1# - ЯЗЫК РЕСУРСА
Язык текста, звукозаписи и т.д. русский
Язык оригинала японский
102 ## - СТРАНА ПУБЛИКАЦИИ ИЛИ ПРОИЗВОДСТВА
Страна публикации российская федерация
105 ## - ПОЛЕ КОДИРОВАННЫХ ДАННЫХ: ТЕКСТОВЫЕ МАТЕРИАЛЫ, МОНОГРАФИЧЕСКИЕ
Кодированные данные о монографическом текстовом документе a z 000ay
181 #0 - ПОЛЕ КОДИРОВАННЫХ ДАННЫХ: ВИД СОДЕРЖАНИЯ
Код вида содержания (ISBD) i3
Код характеристики содержания (ISBD) axxe
182 #0 - ПОЛЕ КОДИРОВАННЫХ ДАННЫХ: ТИП СРЕДСТВА
Код типа средства (ISBD) n - непосредственное
200 1# - ЗАГЛАВИЕ И СВЕДЕНИЯ ОБ ОТВЕТСТВЕННОСТИ
Основное заглавие Пионовый фонарь
Сведения, относящиеся к заглавию [повесть]
Первые сведения об ответственности Санъютэй Энтё
Последующие сведения об ответственности иллюстрации: Кацусика Хокусай
-- перевод с японского Аркадия Стругацкого
203 ## - ВИД СОДЕРЖАНИЯ И ТИП СРЕДСТВА
Вид содержания Текст
Дополнительные сведения об издании визуальный
Тип средства непосредственный
210 ## - ПУБЛИКАЦИЯ, РАСПРОСТРАНЕНИЕ И ДР.
Место издания, распространения и т.д. Санкт-Петербург
Имя издателя, распространителя и т. д. Азбука-Аттикус, Азбука
Дата издания, распространения и т.д. 2024
215 ## - ФИЗИЧЕСКАЯ ХАРАКТЕРИСТИКА
Специфическое обозначение материала и объем 316, [2] с.
Другие сведения о физической характеристике ил.
Размеры 19
225 1# - СЕРИЯ
Основное заглавие серии Изящная классика Востока
333 ## - ПРИМЕЧАНИЯ ОБ ОСОБЕННОСТЯХ РАСПРОСТРАНЕНИЯ И ИСПОЛЬЗОВАНИЯ
Текст примечания 16+
686 1# - ИНДЕКСЫ ДРУГИХ КЛАССИФИКАЦИЙ
Индекс Ш6(5Я)57-440.4{Лх2316}
700 #1 - ИМЯ ЛИЦА - ПЕРВИЧНАЯ ОТВЕТСТВЕННОСТЬ
Графика поля Кириллица
Материалы, к которым относится поле rus
Начальный элемент ввода Санъютэй
Часть имени, кроме начального элемента ввода Э.
Даты 1839-1900
Расширение инициалов личного имени Энте
Системный номер авторитетной/нормативной записи 121429
Идентификатор авторитетной/нормативной записи RU\NLR\AUTH\7711688
702 #1 - ИМЯ ЛИЦА - ВТОРИЧНАЯ ОТВЕТСТВЕННОСТЬ
Код отношения Переводчик
Графика поля Кириллица
Материалы, к которым относится поле rus
Начальный элемент ввода Стругацкий
Часть имени, кроме начального элемента ввода А. Н.
Даты 1925-1991
Расширение инициалов личного имени Аркадий Натанович
Системный номер авторитетной/нормативной записи 110663
Идентификатор авторитетной/нормативной записи RU\NLR\AUTH\77619
702 #1 - ИМЯ ЛИЦА - ВТОРИЧНАЯ ОТВЕТСТВЕННОСТЬ
Код отношения Иллюстратор
Графика поля Кириллица
Материалы, к которым относится поле rus
Начальный элемент ввода Хокусай
Часть имени, кроме начального элемента ввода К.
Даты 1760-1849
Расширение инициалов личного имени Кацусика
Системный номер авторитетной/нормативной записи 70406
Идентификатор авторитетной/нормативной записи RU\NLR\AUTH\7787478
942 ## - ДОПОЛНИТЕЛЬНЫЕ ЭЛЕМЕНТЫ ЗАПИСИ (АБИС)
Тип экземпляра АБИС Книга
980 ## - КОЛЛЕКЦИЯ
Название коллекции Национальная библиография

Нет доступных экземпляров.